Citlivosť a adaptabilita slovenských podnikov na externé zmeny
Identifikácia konkurenčnej výhody a analýza vnútorného prostredia podniku. Informácia o tom, ako slovenské podniky poznajú súčasný stav a budúci vývoj svojho podnikateľského prostredia, ako pružne a rýchlo reagujú na externé zmeny a ako rýchlo dokážu premeniť externé príležitosti na konkurenčnú výho...
Saved in:
| Main Author: | |
|---|---|
| Other Authors: | |
| Format: | Book Chapter |
| Language: | Slovak |
| Subjects: | |
| Tags: |
No Tags, Be the first to tag this record!
|
MARC
| LEADER | 00000naa a2200000 4500 | ||
|---|---|---|---|
| 001 | r046336 | ||
| 005 | 20240502071341.2 | ||
| 041 | 0 | |a slo | |
| 044 | |a SK | ||
| 245 | 1 | 0 | |a Citlivosť a adaptabilita slovenských podnikov na externé zmeny |c Štefan Slávik, Benita Juriková |
| 520 | |a Identifikácia konkurenčnej výhody a analýza vnútorného prostredia podniku. Informácia o tom, ako slovenské podniky poznajú súčasný stav a budúci vývoj svojho podnikateľského prostredia, ako pružne a rýchlo reagujú na externé zmeny a ako rýchlo dokážu premeniť externé príležitosti na konkurenčnú výhodu v dôsledku schopnosti vnútorne sa meniť. | ||
| 610 | 2 | 0 | |a výhody konkurenčné |
| 610 | 2 | 0 | |a prostredie ekonomické |
| 610 | 2 | 0 | |a prostredie podnikateľské |
| 610 | 2 | 0 | |a zmeny štruktúrne |
| 610 | 2 | 0 | |a podnik |
| 610 | 2 | 0 | |a prieskum podnikateľský |
| 610 | 2 | 0 | |a Slovensko |
| 100 | 1 | |a Slávik, Štefan, 1955- | |
| 700 | 1 | |a Juriková, Benita, 1973- | |